Archivos de la Fundación Roux-Ocefa.

Bibliographic Details
Previous Title:Archivos de histología normal y patológica
Corporate Author: Fundación Roux-Ocefa
Format: Journal
Language:Spanish
Published: Buenos Aires, Argentina : Fundación Roux-Ocefa
Subjects:
Online Availability: Check for online availability

MARC

Tag First Indicator Second Indicator Subfields
LEADER 00000cas a2200000 4500
001 in00005779845
005 20260427151054.0
008 750616c19679999ag qr p 0 b0spa
010 |a sn 81001201  
040 |a NLM  |b eng  |c NLM  |d NSD  |d MUL  |d OCL  |d NSD  |d SER  |d AIP  |d NLM  |d OCL  |d OCLCQ  |d DLC  |d UAB  |d OCLCQ  |d OCLCO  |d OCLCF  |d EUW  |d OCLCO  |d OCLCQ  |d OCLCO  |d OCLCQ 
012 |e n 
016 7 |a 7502529  |2 DNLM 
016 7 |a A63915000  |2 DNLM 
019 |a 1778994  |a 1157385956 
022 |a 0016-271X  |2 z 
023 0 |a 0016-271X  |2 z 
030 |a FRXAAJ 
035 |a (OCoLC)1394579  |z (OCoLC)1778994  |z (OCoLC)1157385956 
042 |a nsdp  |a msc 
050 0 0 |a RB36.5.F9  |b A72 
210 0 |a Arch. Fund. Roux-Ocefa 
222 0 |a Archivos de la Fundación Roux-Ocefa 
245 0 0 |a Archivos de la Fundación Roux-Ocefa. 
264 1 |a Buenos Aires, Argentina :  |b Fundación Roux-Ocefa 
300 |a volumes :  |b illustrations ;  |c 20 cm 
310 |a Quarterly 
336 |a text  |b txt  |2 rdacontent 
337 |a unmediated  |b n  |2 rdamedia 
338 |a volume  |b nc  |2 rdacarrier 
362 0 |a v. 1- enero/marzo 1967- 
510 2 |a Chemical abstracts  |x 0009-2258  |b 1967-1977 
650 0 |a Histology  |v Periodicals. 
650 0 |a Pathology  |v Periodicals. 
650 2 |a Histology.  |0 https://id.nlm.nih.gov/mesh/D006653 
650 2 |a Pathology.  |0 https://id.nlm.nih.gov/mesh/D010336 
650 7 |a Histology.  |2 fast  |0 (OCoLC)fst00957668 
650 7 |a Pathology.  |2 fast  |0 (OCoLC)fst01054964 
655 2 |a Periodicals.  |0 https://id.nlm.nih.gov/mesh/D020492 
655 7 |a Periodicals.  |2 fast  |0 (OCoLC)fst01411641 
655 7 |a Periodicals.  |2 rbgenr 
710 2 |a Fundación Roux-Ocefa. 
780 0 2 |t Archivos de histología normal y patológica  |x 0518-3677 
936 |a Unknown  |a v. 5, nos. 1-4, v. 6, nos. 1-2 (surrogate) 
029 1 |a AU@  |b 000002853085 
029 1 |a NLGGC  |b 044491077 
029 1 |a NLM  |b 7502529 
029 1 |a ZWZ  |b 038711338 
994 |a Z0  |b TXA 
948 |h HELD BY TXA - 20 OTHER HOLDINGS 
999 f f |i 82ae5dd3-1adb-41cd-9b5a-46d6cd116a58  |s 965f4778-0572-4751-918e-7a5fea2e266f  |t 0 
952 f f |a Texas A&M University  |b College Station  |c Sterling C. Evans Library  |d Evans: Library Stacks  |e RB36.5.F9 A72  |h Library of Congress classification  |i unmediated -- volume  |k v.9  |l 1975/1976  |m A14852433862  |p serial  |s Evans stk  |t 0 
952 f f |a Texas A&M University  |b College Station  |c Sterling C. Evans Library  |d Evans: Library Stacks  |e RB36.5.F9 A72  |h Library of Congress classification  |i unmediated -- volume  |k v.10  |l 1977:enero/mayo  |m A14852433730  |p serial  |s Evans stk  |t 0 
998 f f |a RB36.5.F9 A72  |s v.10 (1977:enero/mayo)  |t 0  |l Evans: Library Stacks